Great Lakes Trivia - Statistics

General Stats
  • This quiz has been taken 72 times
  • The average score is 12 of 20
Answer Stats
Hint Answer % Correct
Largest city on Lake Michigan Chicago
97%
Group of three famous waterfalls between Erie and Ontario Niagara Falls
91%
Largest city on Lake Erie Cleveland
85%
Largest metro area on that lake Detroit
85%
The above creates this bay—also the name of a WI city Green Bay
78%
Major seaway that gives the Great Lakes access to the Atlantic Ocean St. Lawrence River
77%
Industrial region of the U.S. heavily centered around the Great Lakes {Rust} Belt
72%
Due to its shallower depth, Lake Erie is more susceptible to "blooms" of this than theother Great Lakes Algae
68%
What Siberian lake contains more freshwater than all 5 Great Lakes combined, despitebeing smaller in area than three of them? Lake Baikal
68%
Which war was the Battle of Lake Erie part of? War of 1812
66%
Ship that sank in Lake Superior in 1975 Edmund Fitzgerald
54%
Lake Michigan has these formations on its shores—the namesake of a park in Indiana Sand Dunes
52%
National park on an island in Lake Superior Isle Royale
43%
Narrow strait that connects Michigan and Huron Straits of {Mackinac}
42%
What smaller lake is located between Huron and Erie? Lake St. Clair
40%
Long horn-shaped Wisconsin peninsula that extends into Lake Michigan Door
37%
This lake was considered the 6th Great Lake in 1998 (for only 18 days) Lake Champlain
32%
Archipelago where the seaway meets Lake Ontario {Thousand} Islands
32%
Invasive "vampire" fish that attaches and feasts on lake trout Sea {Lamprey}
31%
Bay of Lake Huron that makes Michigan's Lower Peninsula look like a mitten Saginaw Bay
26%
No matching quizzes found
Score Distribution
Percent of People with Each Score
Percentile by Number Answered
Your Score History
You have not taken this quiz